Pravdepodobnosť a matematická štatistika štatistické analýzy

Bibliographic Details
Main Authors: Lamoš, František, 1932- (Author), Potocký, Rastislav (Author)
Format: Book
Language:Slovak
PhysicalDescription:342 s. tab. 24 cm
Published: Bratislava Univerzita Komenského 1998
ISBN:8022312622
Edition:2. nezm. vyd.
Subjects:

MARC

LEADER 00000nam a2200000 a 4500
001 vtls001346487
003 SK-MaSNL
005 20260301200731.0
008 240509s1998 xo ap r yy slo
015 |a SNBA1999/01-00347 
020 |a 8022312622 
035 |a SNK000299733 
035 |a urn:nbn:sk:snk-amkidp 
035 |a urn:nbn:sk:snk-am008h6i 
035 |a 202E9B47-0278-4718-ADE5-6404DF3C762F 
040 |a SNK  |b slo  |c SNK  |e AACR2 
041 0 |a slo 
044 |a xo  |c SK 
080 |a 519.2(075.8)  |2 1981 
100 1 |a Lamoš, František,  |d 1932-  |4 aut  |9 39517 
245 1 0 |a Pravdepodobnosť a matematická štatistika  |b štatistické analýzy  |c František Lamoš, Rastislav Potocký 
250 |a 2. nezm. vyd. 
260 |a Bratislava  |b Univerzita Komenského  |c 1998 
300 |a 342 s.  |b tab.  |c 24 cm 
500 |a 500 výt. 
504 |a Bibliogr. s. 313-314 
650 0 7 |a pravdepodobnosť (matematika)  |2 SNK  |9 17964 
650 0 7 |a matematická štatistika  |2 SNK  |9 777 
655 7 |a Textbooks (higher)  |2 SNKPHeng  |9 276436 
655 7 |a učebnice vysokých škôl  |2 SNKPH  |9 70191 
655 7 |a učebnice  |2 SNK  |9 22521 
700 1 |a Potocký, Rastislav  |4 aut  |9 282941 
919 |a 80-223-1262-2 
958 |a TL 
958 |a NB 
958 |a UV 
999 |c 891839  |d 893769 
952 |t P60, <03>, [BOOK], {603}  |a SNK  |b SNK  |y PREZ  |7 0  |p 17A0165549  |o snkSC 97019  |i snkKSP 9953/98  |0 0  |1 0  |4 0  |d 1998-10-28  |f 1  |l 0  |r 2025-09-16 00:00:00  |w 2026-02-24 
952 |t P60, <04>, [BOOK], {604}  |a SNK  |b SNK  |y VYP  |7 0  |p 17A0165550  |o snkSC 97019 D1  |i snkKSP 9954/98  |0 0  |1 0  |4 0  |d 1998-10-28  |l 0  |r 2005-01-02 00:00:00  |w 2026-02-24